000
00256cam a2200109ua 4500
100
_a
Lafore , Robert .
245
_a
object oriented programming /
_c
Robert ,Lafore.
_h
Textual Documents
300
_a
; .
504
_a
942
_c
BK
999
_c
13388
_d
13388